Every NFL team's GOAT - Statistics

General Stats
  • This quiz has been taken 496 times
  • The average score is 17 of 32
Answer Stats
Team Player % Correct
Patriots Tom Brady
92%
49ers Jerry Rice
77%
Colts Payton Manning
75%
Packers Aaron Rodgers
73%
Saints Drew Brees
73%
Lions Barry Sanders
72%
Dolphins Dan Marino
71%
Falcons Deion Sanders
69%
Cowboys Emmitt Smith
67%
Vikings Randy Moss
64%
Ravens Ray Lewis
64%
Panthers Steve Smith
63%
Bills Bruce Smith
62%
Cardinals Larry Fitzgerald
61%
Browns Jim Brown
60%
Jaguars Jimmy Smith
60%
Bears Waltor Payton
55%
Giants Lawrence Taylor
54%
Jets Joe Namath
52%
Broncos John Elway
51%
Seahawks Steve Largent
44%
Steelers Joe Greene
41%
Chargers Ladainian Tomlinson
41%
Texans J.J. Watt
40%
Eagles Reggie White
35%
Rams Deacon Jones
30%
Chiefs Tony Gonzalez
27%
Bengals Anthony Munoz
25%
Buccaneers Derrick Brooks
21%
Redskins Sammy Baugh
14%
Titans Bruce Matthews
12%
Raiders Gene Upshaw
8%
No matching quizzes found
Score Distribution
Percent of People with Each Score
Percentile by Number Answered
Your Score History
You have not taken this quiz